Capilla clásica polifónica del F.A.D. : resumen de actividades artísticas desde su fundación hasta la fecha 1941 - 1950 / director: Mtro. Enrique Ribó resumen de actividades artísticas desde su fundación hasta la fecha 1941 - 1950 / director:
Descripción Física:
[69] p. ; 22 cm
Materias:
Cors sacres a cappella
MARC
| LEADER | 00000nam a2200000Ia 4500 | ||
|---|---|---|---|
| 001 | 23278 | ||
| 008 | 160829s1951 xx 000 0 cat d | ||
| 080 | |a Q-995, exp. 39 | ||
| 245 | |a Capilla clásica polifónica del F.A.D. : |b resumen de actividades artísticas desde su fundación hasta la fecha 1941 - 1950 / director: |b Mtro. Enrique Ribó | ||
| 260 | |a Barcelona : |b Imp. Arolas, |c 1951 | ||
| 300 | |a [69] p. ; |c 22 cm | ||
| 650 | |a Cors sacres a cappella |9 48427 | ||
| 901 | |a Arxiu | ||
| 942 | |n 1 | ||
| 952 | |0 0 |1 0 |4 0 |6 Q995_EXP_39 |7 1 |9 54537 |a Arxiu |b Arxiu |d 2011-10-10 |l 0 |o Q-995, exp. 39 |p 23278 |r 2016-12-01 00:00:00 |w 2016-12-01 |y ARXIU | ||
| 999 | |c 58406 |d 58406 | ||